000 00362nam a2200145Ia 4500
008 150201s2001 xx 000 0 und d
082 _a617.6
_bM2001P
100 _aPARAMESWARAN
245 _aMATERIALS IN DENTISTRY
250 _a2ND
260 _bC.B.S PUBLISHERS & DISTRIBUTERS
_aDELHI
_c2001
300 _a1-231
650 _aPROSTHODONTICS
942 _2ddc
_cBK
999 _c3049
_d3049